00519nam a2200193 a 4500001001300000003000900013005001700022008004100039020001000080082001600090100003000106245002500136260003800161300000900199500003500208505003400243650001800277700003000295nice12345678IN_TiNIC20260116013723.0050524s1992 dela grp 000 0 eng  ac10000a297.09bBAS aBashumail, Muhammad Ahmad aGreat Battle of Badr aDelhibIslamic Book Servicec1992 a215p aincludes index and biblioraphy2 aAppendix, Bibliography, Index aIslam-History1 aBashumail, Muhammad Ahmad